000 02901cam a22006374i 4500
003 PE-LiUPU
005 20250731170410.0
008 151118s2015 sp a rb 000 0 spa d
020 _a9788497276146
035 _a(Sirsi) i9788497276146
040 _aCO-BoBLA
_bspa
_cCO-BoBLA
_dPE-LiUPU
_erda
049 _aPRUA
082 0 4 _a155.9018
_bV18
100 1 _aValderrama, Beatriz,
_eautor.
245 1 0 _aFundamentos psicológicos del coaching :
_bun modelo para ser más /
_cBeatriz Valderrama ; [prólogo de Roberto Luna].
264 1 _aMadrid :
_bEOS,
_c[2015].
300 _a243 páginas :
_bilustraciones ;
_c25 centímetros.
336 _atext
_2rdacontent
337 _aunmediated
_2rdamedia
338 _avolume
_2rdacarrier
490 0 _aGestión emocional
504 _aIncluye bibliografía: páginas 239-243.
505 0 _aPrimero lo primero: ¿qué es coaching? -- El modelo ser mas -- Visiones sobre el coaching: entre el ser y el más -- Psicología y coaching: una historia de relaciones -- Los enfoques psicológicos de coaching: variaciones musicales -- El desarrollo del potencial humano -- Los fundamentos psicológicos del proceso de coaching -- Cómo generar sitonía con el cliente -- Cómo escuchar y mostrar que se escucha -- Reencuadre : cómo cambiar los modelos mentales -- Metas: cómo formular la visión personal -- Cómo expandir la capacidad de acción -- Cómo ayudar al sostenimiento del cambio -- Las raíces del coaching de equipo: Kurt Lewin -- Aprender a ser coach -- Referencias.
526 _aSEG68
526 _aSEG70
526 _aSEG69
526 _aSEG67
526 _aSEG43
526 _aP144
526 _aP143
526 _aP131
526 _aP122
526 _aP120
526 _aP117
526 _aP112
526 _aP110
526 _aP106
526 _aP101
526 _aP80
526 _aP59
526 _aP54
526 _aP35
526 _aP33
526 _aP30
541 _g001-001614;
650 7 _aAsesoramiento personal.
_2embne
700 1 _aLuna, Roberto,
_eprologuista.
910 _aaas
_bjck
_caas
_d20151118
942 _2ddc
_cBOOK
949 _a155.9018 V18
_wDEWEY
_c1
_i72057
_d2016-8-9
_e2016-8-8
_lCCODEBUL1
_mBUL
_n1
_p39.85
_r0
_sY
_tBOOK
_u2015-11-18
_xSALUD
_PP33
_0COMPRA
_o.STAFF. Colección General
994 _aC0
_bPEPRU
596 _a1
999 _a155.9018 V18
_wDEWEY
_c7864
_i72057
_d7864
_e2018-3-11
_f2021-11-3
_g5
_lCCODEBUL1
_mBUL
_n3
_p39.85
_r0
_sY
_tBOOK
_u2015-11-18
_xSALUD
_PP33
_0COMPRA
_o.STAFF. Colección Ciencias de la Salud
999 _a155.9018 V18
_wDEWEY
_c2
_i76551
_d2018-10-25
_e2018-6-18
_f2021-11-3
_g4
_lCCODEBUL1
_mBUL
_n2
_p19.94
_q1
_r0
_sY
_tBOOK
_u2017-7-12
_xSALUD
_PP33
_0COMPRA
_o.STAFF. Colección Ciencias de la Salud
980 _81
_gALBERTO SANCHEZ Responsable de Automatización